000 00790nas a2200265 454500
001 54161
005 20260407193512.0
008 260407s1980####ag###########|||spa#d
003 AR-UNSa-BCEJYS
040 _aAR-UNSa-BCEJYS
_bspa
_cAR-UNSa-BCEJYS
080 _a346
_xDerecho económico. Derecho a la direccion estatal de la economía
245 1 0 _aDerecho empresario
264 1 _aBuenos Aires :
_bEdiciones Contabilidad Moderna
_c1980
310 _aFrecuencia: Anual
041 _aspa
942 _cSER
590 _aniveau_biblio:s niveau_hierar:1
100 1 _aChouhy, Adolfo Santiago
700 1 _aCárdenas, Emilio Jorge
700 1 _aKlein, Guillermo Walter (h)
650 _aDerecho
650 _aLegislación económica
650 _aDERECHO COMERCIAL
650 _aECONOMIA
999 _c8972
_d8972